000
00197 a2200097 4500
001
3274
100
_a
Blackman, M
245
_a
By the humterls moon
260
_a
_b
Hodder
_c
090
_c
2553
_d
2553
942
_a
NUST-CAE
_c
M
_c
17258
999
_c
238347
_d
238347